| 000 | 00580nam a2200205Ia 4500 | ||
|---|---|---|---|
| 005 | 20250508170050.0 | ||
| 008 | 008 250505s9999 xx 000 0 eng d | ||
| 020 | _a0-415-13198-7 | ||
| 037 | _aReference | ||
| 040 |
_aFEDL _beng _cFEDL |
||
| 041 |
_aeng _2eng |
||
| 084 |
_a371.9, BEA/RR _qFEDL |
||
| 100 |
_aBearne Eve Ed. _9512469 |
||
| 245 | 0 | _aDifferentitation and diversity in the primary school | |
| 260 |
_aLondon, UK _bRoutledge _c1996 |
||
| 300 | _aix, 270p. | ||
| 365 |
_aGBP _b39.99 |
||
| 942 |
_cREF _h371.9, BEA/RR |
||
| 999 |
_c1399023 _d1399023 |
||